Saudi Arabian football players by picture - Statistics

General Stats
  • This quiz has been taken 8 times
  • The average score is 8 of 16
Answer Stats
Picture Answer % Correct
Salem Al Dawsari
100%
Saeed Al Owairan
75%
Abdulrahman Al Obud
50%
Firas Al Buraikan
50%
Hassan Al Tambakti
50%
Majed Abdullah
50%
Mukhtar Ali
50%
Musab Al Juwayr
50%
Sami Al Jaber
50%
Saud Abdulhamid
50%
Sultan Al Ghannam
50%
Yasser Al Qahtani
50%
Abdullah Otayf
25%
Ayman Yahya
25%
Mohammed Noor
25%
Nawaf Boushal
0%
No matching quizzes found
Score Distribution
Percent of People with Each Score
Percentile by Number Answered
Your Score History
You have not taken this quiz